01020nam a2200241 a 450000100100000000500170001000800410002702000150006804000250008308200220010824501640013026000660029430000280036049000230038850400630041165000490047465000490052365000550057265100510062765000390067870000380071783000230075500000201520240308073617.0090630s2002 dr 000 0 spa d a999348850X aDO-SdBNPbspacBNPHU a581.097293bA634f00aAntología de la flora y fauna de Santo Domingo en cronistas y viajeros :bsiglos XV-XX /cselección, introducción, notas e índice Carlos Esteban Deive. aSanto Domingo :bSociedad Dominicana de Bibliófilos,c2002. a783 p. :bil. ;c23 cm.1 aBibliófilos 2000 aIncluye referencias bibliográficas al pie de las paginas 4aBotánicazRepública DominicanaxHistoria 4aZoologíazRepública DominicanaxHistoria 4aHistoria naturalzRepública DominicanaxHistoria 4aRepública DominicanaxDescripciones Y Viajes 4aZoologíazRepública Dominicana1 aDeive, Carlos Esteban,d1935-2019 0aBibliófilos 2000